Music Quiz

Random Music or Bands Quiz

Bands by Members Quiz Stats

 Plays Quiz Updated Jul 13, 2015

Also try: Divided Bands
Challenge
Share
Tweet
Embed
Score 0/20 Timer 03:00
2 Plays Today
% Correct
The Beatles
97.8%
Nirvana
95.8%
The Rolling Stones
95.6%
Black Eyed Peas
95.5%
Fleetwood Mac
95%
U2
94.4%
Aerosmith
93.4%
KISS
91.9%
ABBA
90%
Red Hot Chili Peppers
84%
% Correct
Green Day
81.1%
The Go-Go's
80.3%
blink-182
71.5%
Lady Antebellum
71.5%
Smashing Pumpkins
68.2%
The Clash
67.8%
Fall Out Boy
64.6%
Paramore
63.4%
Arctic Monkeys
56.3%
My Chemical Romance
49.1%

You're not logged in!

Compare scores with friends on all Sporcle quizzes.
OR
Log In

You Might Also Like...

Show Comments

Extras

Top Quizzes Today


Score Distribution

Your Account Isn't Verified!

In order to create a playlist on Sporcle, you need to verify the email address you used during registration. Go to your Sporcle Settings to finish the process.

Report this User

Report this user for behavior that violates our Community Guidelines.

Details: